L'Amansiment de l'harpia / traducció de Josep M. de Sagarra
ISBN:
84-7794-838-0
Descripción Física:
153 p. ; 17 cm
Otros Autores:
Sagarra, Josep M. de, 1894-1961
MARC
| LEADER | 00000nam a2200000Ia 4500 | ||
|---|---|---|---|
| 001 | 13559 | ||
| 008 | 160829s2002 xx 000 0 cat d | ||
| 020 | |a 84-7794-838-0 | ||
| 080 | |a L-1-376 | ||
| 100 | 1 | |a Shakespeare, William, |d 1564-1616 |9 29098 | |
| 245 | |a L'Amansiment de l'harpia / traducció de Josep M. de Sagarra | ||
| 250 | |a 2a ed. | ||
| 260 | |a Barcelona : |b Diputació de Barcelona, Xarxa de Municipis : |b Institut del Teatre, |c 2002 | ||
| 300 | |a 153 p. ; |c 17 cm | ||
| 490 | |a Col·lecció popular de teatre clàssic universal ; 15 | ||
| 590 | |a Bibliografia | ||
| 700 | 1 | |a Sagarra, Josep M. de, |d 1894-1961 |e traductor |9 56454 | |
| 710 | 1 | |a Institut del Teatre (Barcelona, Catalunya) |9 52662 | |
| 901 | |a Arxiu | ||
| 942 | |n 1 |2 udc | ||
| 952 | |0 0 |1 0 |4 0 |6 L1376 |7 1 |9 45053 |a Arxiu |b Arxiu |d 2016-12-01 |l 0 |o L-1-376 |p 13559 |r 2016-12-01 00:00:00 |w 2016-12-01 |y ARXIU | ||
| 999 | |c 47673 |d 47673 | ||